000 00759nam a2200217Ii 4500
003 JO-AjNU
008 230605s9999||||xx |||||||||||||| ||und||
017 _a99/9097
020 _a977-303-178-0
040 _aJO-AjNU
_bara
_erda
_cJO-AjNU
041 _aara
050 1 4 _aLA1491.B32.2000
100 3 _aبدران،شبل,
_eauthor
_920984
245 0 0 _aديمقراطية التعليم في الفكر التربوي المعاصر
264 3 1 _aالقاهرة:دار قباء للطباعة والنشر والتوزيع،2000
300 _a168ص
336 _atext
_btxt
_2rdacontent
337 _aunmediated
_bn
_2rdamedia
338 _avolume
_bnc
_2rdacarrier
650 4 _aالتربية والتعليم-فلسفة- أهداف وغايات
_920985
999 _aA7214
_c10782
_d10782